Statistiques concernant Chansons de Téléphone

Cliquez ici pour prendre le quiz!

Statistiques générales

  • Ce quiz a été pris 6 fois
  • Le résultat moyen est 10 sur 52

Statistiques - réponses

AlbumTitre% Correct
Crache ton venin1Crache ton venin
100%
Un autre monde11Un autre monde
100%
Au cœur de la nuit1Au cœur de la nuit
83%
Dure Limite2Ça (c'est vraiment toi)
83%
Dure Limite8Cendrillon
83%
Téléphone6Hygiaphone
83%
Crache ton venin5La Bombe humaine
83%
Au cœur de la nuit8Argent trop cher
67%
Dure Limite1Dure Limite
67%
Un autre monde2New York avec toi
67%
Dure Limite5Le Chat
50%
Un autre monde10Electric Cité
33%
Crache ton venin2Fait divers
17%
Téléphone9Flipper
17%
Dure Limite3Jour contre jour
17%
Téléphone7Métro (c'est trop)
17%
Un autre monde7Oublie ça
17%
Au cœur de la nuit102000 nuits
0%
Un autre monde466 heures
0%
Téléphone1Anna
0%
Un autre monde5Ce que je veux
0%
Dure Limite10Ce soir est ce soir
0%
Téléphone3Dans ton lit
0%
Dure Limite4Ex-Robin des Bois
0%
Crache ton venin4Facile
0%
Au cœur de la nuit11Fleur de ma ville
0%
Crache ton venin6J'sais pas quoi faire
0%
Crache ton venin3J'suis parti de chez mes parents
0%
Dure Limite9Juste un autre genre
0%
Au cœur de la nuit5Laisse tomber
0%
Au cœur de la nuit12La laisse
0%
Un autre monde6Le Garçon d'ascenseur
0%
Un autre monde1Les Dunes
0%
Au cœur de la nuit13Le silence
0%
Au cœur de la nuit7Les Ils et les Ons
0%
Un autre monde9Le Taxi las
0%
Dure Limite7Le Temps
0%
Téléphone4Le vaudou (est toujours debout)
0%
Un autre monde3Loin de toi (Un peu trop loin)
0%
Crache ton venin7Ne me regarde pas / Regarde-moi
0%
Au cœur de la nuit9Ordinaire
0%
Au cœur de la nuit2Ploum ploum
0%
Au cœur de la nuit3Pourquoi n'essaies-tu pas ?
0%
Téléphone8Prends ce que tu veux
0%
Dure Limite6Serrez
0%
Au cœur de la nuit4Seul
0%
Téléphone2Sur la route
0%
Un autre monde8T'as qu'ces mots
0%
Téléphone5Téléphomme
0%
Crache ton venin9Tu vas me manquer
0%
Au cœur de la nuit6Un homme + un homme
0%
Crache ton venin8Un peu de ton amour
0%

Distribution des résultats

Percentile par nombre de réponses

% des personnes avec chaque résultat

Votre développement - résultats

Vous n’avez pas pris ce quiz